000 00520nam a2200193 i 4500
001 42354
003 ES-MaACL
005 20250712062537.0
007 t|
008 030313s1972 sp ||||1| spa d
080 _a821.134.2-4"19"
100 1 _aCela, Camilo José,
_d1916-2002
_937336
245 1 3 _aLa bola del mundo :
_b(escenas cotidianas) /
_cCamilo José Cela.
250 _a1ª ed.
260 _aMadrid :
_bSala,
_c1972.
300 _a238 p. ;
_c21 cm.
852 4 _aES-MaACL
_jC-48996
999 _c42354
_d42354